An autobiography, or, The story of my experiments with truth (Record no. 9138)
[ view plain ]
| 000 -LEADER | |
|---|---|
| fixed length control field | 00842nam a2200241Ia 4500 |
| 001 - CONTROL NUMBER | |
| control field | 61170352 |
| 003 - CONTROL NUMBER IDENTIFIER | |
| control field | OCoLC |
| 005 - DATE AND TIME OF LATEST TRANSACTION | |
| control field | 20220930112311.0 |
| 008 - FIXED-LENGTH DATA ELEMENTS--GENERAL INFORMATION | |
| fixed length control field | 050729t20041927ii 000 0 eng d |
| 020 ## - INTERNATIONAL STANDARD BOOK NUMBER | |
| International Standard Book Number | 9788172290085 |
| 082 ## - DEWEY DECIMAL CLASSIFICATION NUMBER | |
| Classification number | 923.2 GAN |
| 100 1# - MAIN ENTRY--PERSONAL NAME | |
| Personal name | Gandhi, |
| Titles and words associated with a name | Mahatma, |
| 245 13 - TITLE STATEMENT | |
| Title | An autobiography, or, The story of my experiments with truth |
| Statement of responsibility, etc. | M.K. Gandhi ; translated from the Gujarati by Mahadev Desai |
| 246 30 - VARYING FORM OF TITLE | |
| Title proper/short title | Autiobiography |
| Title proper/short title | Story of my experiments with truth |
| 264 #1 - PRODUCTION, PUBLICATION, DISTRIBUTION, MANUFACTURE, AND COPYRIGHT NOTICE | |
| Place of production, publication, distribution, manufacture | Ahmedabad : |
| Name of producer, publisher, distributor, manufacturer | Navajivan Pub. House, |
| Date of production, publication, distribution, manufacture, or copyright notice | 2004. |
| 300 ## - PHYSICAL DESCRIPTION | |
| Extent | xv, 471 pages ; |
| Dimensions | 18 cm |
| 500 ## - GENERAL NOTE | |
| General note | Originally published in English under title: The story of my experiments with truth |
| 600 10 - SUBJECT ADDED ENTRY--PERSONAL NAME | |
| Personal name | Gandhi, |
| Titles and other words associated with a name | Mahatma, |
| 650 #0 - SUBJECT ADDED ENTRY--TOPICAL TERM | |
| Topical term or geographic name entry element | Statesmen |
| Geographic subdivision | India |
| Form subdivision | Biography. |
| 700 1# - ADDED ENTRY--PERSONAL NAME | |
| Personal name | Desai, Mahadev H. |
| Fuller form of name | (Mahadev Haribhai), |
| 942 ## - ADDED ENTRY ELEMENTS (KOHA) | |
| Source of classification or shelving scheme | Dewey Decimal Classification |
| Koha item type | Main |
| Withdrawn status | Lost status | Source of classification or shelving scheme | Damaged status | Not for loan | Collection code | Home library | Current library | Shelving location | Date acquired | Serial Enumeration / chronology | Full call number | Barcode | Date last seen | Price effective from | Koha item type |
|---|---|---|---|---|---|---|---|---|---|---|---|---|---|---|---|
| Dewey Decimal Classification | Main TEST | RTC Library | RTC Library | Main opac | 30/09/2022 | 8005 | 923.2 GAN | 30007061 | 30/09/2022 | 30/09/2022 | Main |